| 000 | 00695nam a22001697a 4500 | ||
|---|---|---|---|
| 999 |
_c62053 _d62053 |
||
| 003 | Ge_BSU | ||
| 005 | 20240627164406.0 | ||
| 008 | 240627s1945 ge ||||| |||| 00| 0 geo d | ||
| 041 | _ageo | ||
| 080 | _a615.33 ე-56 | ||
| 100 |
_aელიაშვილი, ლ.ვ. _922617 |
||
| 245 |
_aპენიცილინი და მისი გამოყენება / _cლ.ვ. ელიაშვილი; საქ. ექიმთა დახელოვნების სახელმწ. ინს-ტი. |
||
| 264 |
_aთბ. : _bსაქმედგამი, _c1945. |
||
| 300 |
_a40 გვ. ; _b20 სმ. |
||
| 653 | _aპენიცილინი | ||
| 942 |
_2udc _cBK |
||